| 000 | 00433cam a2200181ua 4500 | ||
|---|---|---|---|
| 020 | _c1 | ||
| 041 |
_amal _h |
||
| 082 |
_a894.8121 _bONV/OR |
||
| 100 | _aO N V , Kurup . | ||
| 245 |
_aOru Devathayum Randu Chakravarthimarum / _cKurup O N V. _hTextual Documents |
||
| 250 |
_a1 / _b. |
||
| 260 |
_aKollam : _bM.S Book Depot , _c1962. |
||
| 300 | _a69 ; . | ||
| 365 | _a1 | ||
| 504 | _a | ||
| 942 | _cBK | ||
| 999 |
_c3991 _d3991 |
||